000 00856nam a2200277 i 4500
001 8140
003 ES-MaACL
005 20250725002246.0
007 t|
008 920225s1986 sp ||||1| spa d
020 _a84-206-6205-4
080 _a551.4(46)(084.4)
245 0 0 _aAtlas de geomorfología /
_ccoordinadores Eduardo Martínez de Pisón y Blanca Tello.
260 _aMadrid :
_bAlianza,
_cD.L.1986.
300 _a365 p. :
_bil. ;
_c20 cm.
490 1 _aAlianza atlas ;
_v5
500 _aIndices.
650 1 7 _aGeomorfología
_2embne
_913105
651 4 _aEspaña-
_xGeomorfología.
_98205
700 1 _aMartínez de Pisón, Eduardo.
_978025
700 1 _aTello, Blanca.
_9109652
830 0 _aAlianza atlas ;
_v5
_9179317
852 _aES-MaACL
_jL-15552
_bR.119982
852 _aES-MaACL
_jL-9972
_bR.111879
999 _c8140
_d8140